000 00494nam a2200181Ia 4500
008 230711s9999||||xx |||||||||||||| ||und||
020 _a978-1-25-902597-6
041 _aENG
082 _a621
_bBR-F
100 _aBrown,Stephen
245 0 _aFundamentals of digital logic with VHDL design
250 _a3rd . Ed.
260 _c2012
_aNew Delhi
_bMcGraw Hill Education(India) Private Limited
300 _a867
650 _aElectronics Engineering
700 _avranesic,Zvonko
942 _cBK
999 _c4815
_d4815